Waiting for my turn (Record no. 90)
[ view plain ]
| 000 -LEADER | |
|---|---|
| campo de control de longitud fija | 00319 a2200121 4500 |
| 082 ## - NÚMERO DE LA CLASIFICACIÓN DECIMAL DEWEY | |
| Número de clasificación | 811.728.2 |
| Número de ítem | C454w |
| 100 ## - ENTRADA PRINCIPAL--NOMBRE DE PERSONA | |
| Nombre de persona | Chan, Amado |
| 9 (RLIN) | 454 |
| 245 ## - MENCIÓN DEL TÍTULO | |
| Título | Waiting for my turn |
| 260 ## - PUBLICACIÓN, DISTRIBUCIÓN, ETC. | |
| Lugar de publicación, distribución, etc. | Belice |
| Nombre del editor, distribuidor, etc. | Fsctory Books |
| Fecha de publicación, distribución, etc. | 2002 |
| 300 ## - DESCRIPCIÓN FÍSICA | |
| Extensión | 48 p. |
| Otras características físicas | il (a color) |
| Dimensiones | 21 cm |
| 650 ## - PUNTO DE ACCESO ADICIONAL DE MATERIA--TÉRMINO DE MATERIA | |
| Término de materia o nombre geográfico como elemento de entrada | Literatura |
| Subdivisión de forma | Poesa̕ |
| Subdivisión geográfica | Belice |
| 9 (RLIN) | 561 |
| 700 ## - ENTRADA AGREGADA--NOMBRE PERSONAL | |
| Nombre de persona | Amado Chan |
| 9 (RLIN) | 455 |
| Estatus retirado | Estado de pérdida | Fuente del sistema de clasificación o colocación | Estado de daño | No para préstamo | Biblioteca de origen | Biblioteca actual | Ubicación en estantería | Fecha de adquisición | Total de préstamos | Signatura topográfica completa | Código de barras | Visto por última vez | Precio de reemplazo | Tipo de ítem Koha |
|---|---|---|---|---|---|---|---|---|---|---|---|---|---|---|
| Clasificación Decimal Dewey | Biblioteca LadoV | Biblioteca LadoV | 02/05/2014 | 811.728.2 C454w | 000084 | 02/05/2014 | 02/05/2014 | Material 01 |
